RICS special: what's in it for us? (Record no. 72577)

MARC details
000 -LEADER
fixed length control field 01088cam a2200229 4500
001 - CONTROL NUMBER
control field ABS66641
008 - FIXED-LENGTH DATA ELEMENTS--GENERAL INFORMATION
fixed length control field 030429n2003 000 0 eng u
035 ## - SYSTEM CONTROL NUMBER
System control number (Sirsi) u122128
245 ## - TITLE STATEMENT
Title RICS special: what's in it for us?
260 ## - PUBLICATION, DISTRIBUTION, ETC.
Date of publication, distribution, etc. 2003
490 ## - SERIES STATEMENT
Series statement Estates Gazette
Volume/sequential designation (0316) 19 April 2003, 87-92(6)
520 ## - SUMMARY, ETC.
Summary, etc. An examination of the RICS reasons for increasing subscriptions to pay for the Agenda for Change and discusses whether the standing of the organisation has been improved and whether RICS gives its members value for money. Compares RICS with other professional organisations - the Law Society, the Institute of Chartered Accountants and RIBA. "Estates Gazette" rates RICS the highest out of all these, talks to the first RICS overseas President Nick Brooke and asks Barry Gilbertson the Vice President, what members themselves can do for RICS.
590 ## - LOCAL NOTE (RLIN)
Local note ABS
650 ## - SUBJECT ADDED ENTRY--TOPICAL TERM
Topical term or geographic name entry element PROFESSIONAL INSTITUTIONS
650 ## - SUBJECT ADDED ENTRY--TOPICAL TERM
Topical term or geographic name entry element AGENDA FOR CHANGE
650 ## - SUBJECT ADDED ENTRY--TOPICAL TERM
Topical term or geographic name entry element RICS
650 ## - SUBJECT ADDED ENTRY--TOPICAL TERM
Topical term or geographic name entry element RIBA
650 ## - SUBJECT ADDED ENTRY--TOPICAL TERM
Topical term or geographic name entry element ICAEW
650 ## - SUBJECT ADDED ENTRY--TOPICAL TERM
Topical term or geographic name entry element LAW SOCIETY
690 ## - LOCAL SUBJECT ADDED ENTRY--TOPICAL TERM (OCLC, RLIN)
Topical term or geographic name as entry element RICS NEWS
942 ## - ADDED ENTRY ELEMENTS (KOHA)
Suppress in OPAC 0
Holdings
Withdrawn status Lost status Source of classification or shelving scheme Damaged status Not for loan Home library Current library Shelving location Date acquired Total Checkouts Full call number Barcode Date last seen Copy number Price effective from Koha item type
    Dewey Decimal Classification     London London Journal article 29/04/2003   ABS66641 122128-1001 06/08/2019 1 06/08/2019 Journal article